Методы и алгоритмы сегментации медицинских изображений на основе машинного обучения: диссертация на соискание учёной степени кандидата технических наук; спец. 05.13.01
| Yazar: | |
|---|---|
| Kurumsal yazarlar: | , |
| Diğer Yazarlar: | |
| Özet: | Заглавие с титульного экрана Электронная версия печатной публикации Защита сост. 16.09.2020 г. |
| Dil: | Rusça |
| Baskı/Yayın Bilgisi: |
Томск, 2020
|
| Konular: | |
| Online Erişim: | http://earchive.tpu.ru/handle/11683/61940 |
| Materyal Türü: | Elektronik Kitap |
| KOHA link: | https://koha.lib.tpu.ru/cgi-bin/koha/opac-detail.pl?biblionumber=344923 |
MARC
| LEADER | 00000nlm0a2200000 4500 | ||
|---|---|---|---|
| 001 | 344923 | ||
| 005 | 20231102005721.0 | ||
| 035 | |a (RuTPU)RU\TPU\book\376721 | ||
| 035 | |a RU\TPU\book\376720 | ||
| 090 | |a 344923 | ||
| 100 | |a 20200622d2020 k y0rusy50 ca | ||
| 101 | 0 | |a rus | |
| 102 | |a RU | ||
| 105 | |a a m 000zy | ||
| 135 | |a drcn ---uucaa | ||
| 181 | 0 | |a i | |
| 182 | 0 | |a b | |
| 200 | 1 | |a Методы и алгоритмы сегментации медицинских изображений на основе машинного обучения |b Электронный ресурс |e диссертация на соискание учёной степени кандидата технических наук |e спец. 05.13.01 |f В. В. Данилов |g Национальный исследовательский Томский политехнический университет ; науч. рук. О. М. Гергет | |
| 203 | |a Текст |c электронный | ||
| 210 | |a Томск |d 2020 | ||
| 215 | |a 1 файл (27 486 КБ) | ||
| 230 | |a Электронные текстовые данные (1 файл : 27 486 КБ) | ||
| 300 | |a Заглавие с титульного экрана | ||
| 300 | |a Электронная версия печатной публикации | ||
| 300 | |a Защита сост. 16.09.2020 г. | ||
| 606 | 1 | |a Машинное обучение |2 stltpush |3 (RuTPU)RU\TPU\subj\74505 |9 86729 | |
| 606 | 1 | |a Распознавание образов |x Информационные технологии |2 stltpush |3 (RuTPU)RU\TPU\subj\53436 |9 71694 | |
| 610 | 1 | |a электронный ресурс | |
| 610 | 1 | |a труды учёных ТПУ | |
| 610 | 1 | |a диссертации | |
| 610 | 1 | |a методы преобразования | |
| 610 | 1 | |a алгоритмы | |
| 610 | 1 | |a сегментация | |
| 610 | 1 | |a медицинские изображения | |
| 610 | 1 | |a обработка данных | |
| 610 | 1 | |a архитектура | |
| 610 | 1 | |a нейронные сети | |
| 610 | 1 | |a гиперпараметры | |
| 610 | 1 | |a визуализация | |
| 610 | 1 | |a медицинские инструменты | |
| 610 | 1 | |a анатомические структуры | |
| 610 | 1 | |a цифровая обработка | |
| 610 | 1 | |a математический анализ | |
| 610 | 1 | |a моделирование | |
| 610 | 1 | |a компьютерное зрение | |
| 610 | 1 | |a математическая статистика | |
| 610 | 1 | |a прикладное программирование | |
| 675 | |a 004.93'1(04) |v 4 | ||
| 675 | |a 004.85(04) |v 4 | ||
| 686 | |a 05.13.01 |2 oksvnk | ||
| 700 | 1 | |a Данилов |b В. В. |c специалист в области информатики и вычислительной техники |c инженер Томского политехнического университета |f 1989- |g Вячеслав Владимирович |2 stltpush |3 (RuTPU)RU\TPU\pers\37129 | |
| 702 | 1 | |a Гергет |b О. М. |c специалист в области информатики и вычислительной техники |c доцент Томского политехнического университета, кандидат технических наук |f 1974- |g Ольга Михайловна |2 stltpush |3 (RuTPU)RU\TPU\pers\28996 |4 727 | |
| 712 | 0 | 2 | |a Национальный исследовательский Томский политехнический университет |b Инженерная школа информационных технологий и робототехники |b Научно-образовательная лаборатория обработки и анализа больших данных |h 7959 |2 stltpush |3 (RuTPU)RU\TPU\col\23599 |
| 712 | 0 | 2 | |a Национальный исследовательский Томский политехнический университет |b Инженерная школа информационных технологий и робототехники |b Отделение информационных технологий |h 7951 |2 stltpush |3 (RuTPU)RU\TPU\col\23515 |
| 801 | 2 | |a RU |b 63413507 |c 20200625 |g RCR | |
| 856 | 4 | |u http://earchive.tpu.ru/handle/11683/61940 | |
| 942 | |c CF | ||